000 00723nam a2200241Ia 4500
003 OSt
005 20220928123915.0
006 a|||||r|||| 00| 0
007 ta
008 220927b |||||||| |||| 00| 0 eng d
024 _a37504
037 _cTextual
040 _aSDCL
_cSDCL
_beng
041 _2eng
_aeng
082 _aQ6:3, L7
100 _aSpitz Lewis W Ed.
_9462109
245 0 _aDiscord, dialogue, and concord
_bStudies in the lutheran reformation's formula of concord.
260 _aMissouri
_bFortress Press
_c1977
300 _axv,207p.
_ccm.
700 _a Lohff Wenzel Ed.
_9462110
942 _hQ6:3, L7
_cTEXL
_2CC
999 _c775120
_d775120